Radiografía de un fraude (Record no. 18519)

MARC details
000 -LEADER
campo de control de longitud fija 00779nam a22002531i 4500
001 - NÚMERO DE CONTROL
campo de control 18519
003 - IDENTIFICADOR DE NÚMERO DE CONTROL
campo de control ES-MaACL
007 - CAMPO FIJO DE DESCRIPCIÓN FÍSICA--INFORMACIÓN GENERAL
campo de control de longitud fija t|
008 - DATOS DE LONGITUD FIJA--INFORMACIÓN GENERAL
campo de control de longitud fija 020128s1978 sp r ||||0| spa j
016 7# - NÚMERO DE CONTROL DE UNA AGENCIA BIBLIOGRÁFICA NACIONAL
Número de control cancelado/no válido IND91012965
020 ## - NÚMERO INTERNACIONAL ESTÁNDAR DEL LIBRO
Número Internacional Estándar del Libro 84-320-0294-1
040 ## - FUENTE DE CATALOGACIÓN
Centro catalogador/agencia de origen M-BN
Lengua de catalogación spa
Centro/agencia transcriptor A2
080 ## - NÚMERO DE LA CLASIFICACIÓN DECIMAL UNIVERSAL
Número de la Clasificación Decimal Universal 369.432(46)(091)
100 1# - ENTRADA PRINCIPAL--NOMBRE DE PERSONA
Nombre de persona Alcocer, José Luis.
9 (RLIN) 19562
245 10 - MENCIÓN DEL TÍTULO
Título Radiografía de un fraude
Resto del título : notas para una historia del frente de juventudes /
Mención de responsabilidad, etc. José Luis Alcocer.
260 ## - PUBLICACIÓN, DISTRIBUCIÓN, ETC.
Lugar de publicación, distribución, etc. Barcelona :
Nombre del editor, distribuidor, etc. Planeta,
Fecha de publicación, distribución, etc. 1978.
300 ## - DESCRIPCIÓN FÍSICA
Extensión 262 p., 1 h :
Otras características físicas il ;
Dimensiones 18 cm.
490 1# - MENCIÓN DE SERIE
Mención de serie Colección Textos
500 ## - NOTA GENERAL
Nota general Indice.
610 27 - PUNTO DE ACCESO ADICIONAL DE MATERIA--NOMBRE DE ENTIDAD CORPORATIVA
Nombre de entidad corporativa o nombre de jurisdicción como elemento de entrada Frente de Juventudes (España)-
Subdivisión de forma Historia.
9 (RLIN) 4184
830 0# - PUNTO DE ACCESO ADICIONAL DE SERIE-TÍTULO UNIFORME
Título uniforme Colección Textos
9 (RLIN) 180523
852 ## - LOCALIZACIÓN
Ubicación ES-MaACL
Número de control de estantería G-1113
Sublocalización o colección R.130955
Holdings
Estatus retirado Estado de pérdida Estado de daño No para préstamo Biblioteca de origen Biblioteca actual Ubicación en estantería Fecha de adquisición Fuente de adquisición Total de préstamos Signatura topográfica completa Código de barras Visto por última vez Precio de reemplazo Tipo de ítem Koha
        Biblioteca del Ateneo de Madrid Biblioteca del Ateneo de Madrid Depósito 2 17/01/2008     G-1113 1018952 23/02/2023 23/02/2023 Libro impreso